Elaboraciones básicas para pastelería-repostería : técnicas de elaboración y presentación /

Bibliographic Details
Main Authors: García Company, David, 1978- (Author), Navarro Tomás, Víctor J. (Víctor José) (Author)
Format: Electronic eBook
Language:Spanish
Published: Bogotá, D.C. : Ecoe Ediciones, [2016]
Edition:Segunda edición.
Series:Colección Interés general (ECOE Ediciones). Área Interés general.
Subjects:
Online Access:Digitalia Hispánica

MARC

LEADER 00000nam a2200000Ii 4500
001 DIGECOED0354
003 NyNyDIG
006 m o d
007 cr |||||||||||
008 211220s2016 ck a ob 000 0 spa d
035 |a (OCoLC)1319853874 
040 |a DGITA  |b eng  |e rda  |e pn  |c DGITA 
020 |a 9789587713411  |q eBook  |q pdf 
020 |z 9789587713404 
050 1 4 |a TX773 ebook 
082 0 4 |a 641.865 
100 1 |a García Company, David,  |d 1978-  |e author. 
245 1 0 |a Elaboraciones básicas para pastelería-repostería :  |b técnicas de elaboración y presentación /  |c David García Company, Víctor J. Navarro Tomás. 
250 |a Segunda edición. 
264 1 |a Bogotá, D.C. :  |b Ecoe Ediciones,  |c [2016] 
300 |a 1 online resource :  |b illustrations. 
336 |a text  |b txt  |2 rdacontent 
337 |a computer file  |b c  |2 rdamedia 
338 |a online resource  |b cr  |2 rdacarrier 
347 |a text file  |2 rdaft 
347 |b PDF 
490 1 |a Interés general (ECOE Ediciones). Interés general. 
504 |a Includes bibliographical references. 
588 0 |a Online resource; title from PDF title page (Digitalia, viewed December 20, 2021) 
650 0 |a Pastry. 
655 0 |a Electronic books. 
700 1 |a Navarro Tomás, Víctor J.  |q (Víctor José),  |e author. 
776 0 8 |i Print version:  |a Erazo Parga, Manuel.  |t Elaboraciones básicas para pastelería-repostería.  |b Segunda edición.  |d Bogotá, D.C. : Ecoe Ediciones, 2016  |z 9789587713404 
791 2 |a Digitalia (Firm),  |e distributor. 
793 0 |g Digitalia eBook Collection:  |a Ecoe Ediciones 
830 0 |a Colección Interés general (ECOE Ediciones).  |p Área Interés general. 
856 4 0 |3 Digitalia Hispánica  |u https://www.digitaliapublishing.com/a/70597/ 
910 |a Premium collection: 2022